=LDR 00000nam 2200000 4500 =001 INLIS000000000041212 =005 20130612150747 =008 ***********************************ind** =035 ##$$0010-061300000041212 =041 ##$$a ind =082 ##$$a 658.31 =090 ##$$a 658.31, Suk p =100 ##$$a Sukartono, Magdalena =245 ##$$a Pernik-pernik 50 m dan dunia kerja dari dahsyat sampai mak nyoss/Magdalena Sukartono =260 ##$$a 2008 $b Yogyakarta =300 ##$$a 275 hlm., 22 cm =650 ##$$a Manajemen - SDM =850 ##$$a NBPNMAT